000 00436nam a2200193Ia 4500
005 20250423094641.0
008 250422s9999 xx 000 0 und d
020 _a9780273712121
050 _aHF 5635 .W863/
100 _aWood,Frank
245 0 _aBusiness accounting 1
250 _a11th ed.
260 _aHarlow
260 _bPearson Education
260 _c2008
300 _a762 p
650 _aAccounting
942 _cBK
999 _c27884
_d27884